| 000 | 00685nam a2200265Ia 4500 | ||
|---|---|---|---|
| 003 | OSt | ||
| 005 | 20221006151535.0 | ||
| 006 | a|||||r|||| 00| 0 | ||
| 007 | ta | ||
| 008 | 221006b |||||||| |||| 00| 0 eng d | ||
| 020 |
_c _23.50 |
||
| 024 | _a22,502 | ||
| 037 |
_bGift, _cTextual |
||
| 040 |
_aEASL _cEASL _beng |
||
| 041 |
_2eng _aeng |
||
| 082 | _aV2y7M96, P3 | ||
| 100 | _aRAM Janaki | ||
| 245 | 0 |
_aV.K. Krishna Menon _b A personal memoir |
|
| 260 |
_aCalcutta _bOxford University Press India _c1997 |
||
| 300 |
_a149p. _ccm. |
||
| 490 | _v Gen | ||
| 650 | _aGen | ||
| 942 |
_hV2y7M96, P3 _cTEXL _2CC |
||
| 999 |
_c1090588 _d1090588 |
||